Регионална библиотека "Любен Каравелов" - Русе

Watches (Запис номер 190160)

MARC детайли
000 -Лидер
Контролно поле с фиксирана дължина 01640nam a2200421 a 4500
003 - Код на организацията, давaща контролен номер
Контролно поле BLK
005 - Дата и час на последна редакция
Контролно поле 20230719085913.0
008 - Елементи от данни с фиксирана дължина
fixed length control field 180411b bul|||||r ||||||| ||bul||
010 ## - Наследен системен номер
LC control number KNG00199228000
020 ## - Международен стандартен номер на книга ISBN
Международен стандартен номер на книга ISBN 1-84013-292-2
040 ## - Източник на каталожния запис
Идентификатор на билиотеката - собственик на записа BLK
041 ## - Код за език
Код за езика на текст/звукозапис или на отделно заглавие Английски
Код за езика КДБФ Английски
072 #7 - Код за тематичната категория
Код организация bullib
Код за тематична категория Н62
Текст Приложни науки. Техника Н
080 ## - УДК
Текстов определител УДК Производство на часовници. Часовници. Вж 389.2 ; 529 ; 531.7 ; 671. 1
УДК код - определител по УДК 681.11
УДК определител (02.062)
УДК - код + определител 681.11(02.062)
080 ## - УДК
Текстов определител УДК Приложно изкуство. Художествени занаяти. Интериор. Дизайн. Играчки. Худож. пространствено оформление
УДК код - определител по УДК 745/749
УДК определител :681.11(02.062)
УДК - код + определител 745/749:681.11(02.062)
139 ## - Редно поле
Редна дума Watches
Авторски знак Уор - У 70
Filing suffix W 31
Feature heading У 70
245 10 - Сведения за заглавието
Заглавие Watches
Редно поле (дума) ed. by Linda Doeser; ed. by Frank Edwards.
257 ## - Страна на издаване
Страна на създаване/издаване Великобритания
260 ## - Област на издателските данни
Име на издателя, разпространителя и проч. Grange Books
Година на издаване 1999
Печатница print. in Singapore
300 ## - Физическа характеристика
Страници 64 p.
Илюстрации и др. ill.
Размери/Мащаб 21X21 cm
380 ## - Жанр
Жанр Изкуство
490 ## - СЕРИИ (Колекции)
Име на серия The Collector's Corner
650 #4 - Допълнително описание по предмет – тема
Основно описание – тема или топоним Часовници
9 (RLIN) 177466
650 #4 - Допълнително описание по предмет – тема
Основно описание – тема или топоним Приложно и декоративно изкуство
9 (RLIN) 248151
653 ## - Ключова дума – ненормативна
Ключова дума часовници
653 ## - Ключова дума – ненормативна
Ключова дума приложно изкуство
659 ## - Тематичен бюлетин
Тематичен бюлетин Н
700 1# - Други автори (авторска отговорност)
Лично име Doeser, Linda
Автороска отговорност (Описва отношението между автора и произведението) ed. by
9 (RLIN) 8785
700 1# - Други автори (авторска отговорност)
Лично име Edwards, Frank
Автороска отговорност (Описва отношението между автора и произведението) ed. by
9 (RLIN) 345081
852 ## - Местоположение
Форматна сигнатура Цб 284056
Фондова буква Хранилище
856 4# - Електронен адрес и достъп
Електронен формат pdf - файл
856 4# - Електронен адрес и достъп
Електронен формат pdf - файл
942 ## - АРТИКУЛИ
Вид на библиотечния материал Книги
Скрит в OPAC Не
Периодичен библиозапис Да
944 ## - СЪЗДАВАНЕ И РЕДАКЦИЯ на ЗАПИСА
Създаване/Редакция Създаване
Дата на регистрацията/редакция 16.01.2017
Статус, дата на статуса Русанова Ирена
Служител, извършил регистрацията/редакцията 30542
944 ## - СЪЗДАВАНЕ И РЕДАКЦИЯ на ЗАПИСА
Създаване/Редакция Редакция
Дата на регистрацията/редакция 17.10.2017
Статус, дата на статуса ф /
Служител, извършил регистрацията/редакцията Людмила_Стоянова
999 ## - СИСТЕМНИ КОНТРОЛНИ НОМЕРА
Koha biblionumber 190160
Koha biblioitemnumber 190160
999 ## - СИСТЕМНИ КОНТРОЛНИ НОМЕРА
Koha biblioitemnumber 190160
999 ## - СИСТЕМНИ КОНТРОЛНИ НОМЕРА
Koha biblioitemnumber 190160
Наличности
Код за отписване Код за изгубен артикул Източник на класификационната схема Код за повреда Коз за рестрикции Код за отдаване Артикулен № Име на библиотеката - собственик Име на библиотеката, в която се намира в момента Статус (Текущо местоположение) Дата на вписване в системата Местоположение - отдел Цена в лева Инвентарен номер Систематично азбучна сигнатура Баркод Номер на екземпляра Цена в евро Служебна бележка Служебен тип на артикула
  Не е изгубен Universal Decimal Classification Не е повреден без рестрикции заемане за дома 334554 Регионална библиотека "Любен Каравелов" Русе Регионална библиотека "Любен Каравелов" Русе Отдел Изкуство - подръчен фонд 2017-01-16 Отдел Изкуство - подръчен фонд 18.00 120000807791 6/У 70 120000807791 1 9.20 Дост: DA Вид: А N: 4 Дата: 16.01.2017 Книги
Vip Innovations Ltd, Rousse, Bulgaria 2025